Tennis masculin - Finalistes de Roland-Garros - Statistiques

Statistiques générales
  • Ce quiz a été pris 56 486 fois
    18 367 depuis la dernière actualisation
  • Le résultat moyen est 15 sur 57
Statistiques - réponses
# Finales # Titres Joueur % Correct
14 14 Rafael Nadal
99%
7 3 Novak Djokovic
97%
2 2 Carlos Alcaraz
96%
5 1 Roger Federer
94%
1 0 Jannik Sinner
92%
1 1 Yannick Noah
71%
1 0 Alexander Zverev
67%
2 1 Stanislas Wawrinka
67%
1 0 Andy Murray
64%
1 0 Stéfanos Tsitsipás
50%
3 1 Andre Agassi
49%
2 0 Casper Ruud
49%
6 6 Björn Borg
44%
2 0 Dominic Thiem
43%
1 0 David Ferrer
41%
1 0 Andreï Medvedev
40%
1 0 John McEnroe
36%
5 3 Ivan Lendl
27%
2 0 Robin Söderling
27%
3 3 Gustavo Kuerten
26%
2 1 Michael Chang
26%
2 1 Juan Carlos Ferrero
24%
5 3 Mats Wilander
23%
1 1 Carlos Moyà
18%
1 0 Stefan Edberg
16%
1 0 Henri Leconte
15%
3 2 Jim Courier
15%
2 1 Rod Laver
15%
1 1 Gastón Gaudio
14%
1 0 Guillermo Coria
12%
4 1 Guillermo Vilas
12%
2 1 Ilie Năstase
12%
1 1 Ievgueni Kafelnikov
11%
1 1 Thomas Muster
11%
1 1 Albert Costa
10%
3 2 Sergi Bruguera
10%
1 0 Mariano Puerta
9%
1 1 Andrés Gómez
8%
2 0 Àlex Corretja
7%
1 1 Adriano Panatta
6%
2 1 Ken Rosewall
6%
1 0 Michael Stich
6%
1 0 Petr Korda
6%
1 0 Alberto Berasategui
5%
2 2 Jan Kodeš
5%
1 0 Magnus Norman
5%
1 0 Martin Verkerk
5%
1 0 Vitas Gerulaitis
5%
1 1 Andrés Gimeno
4%
1 0 Manuel Orantes
4%
1 0 Mikael Pernfors
4%
1 0 Víctor Pecci
4%
1 0 Brian Gottfried
3%
1 0 Harold Solomon
3%
1 0 Nikola Pilić
3%
1 0 Patrick Proisy
3%
1 0 Željko Franulović
2%
Aucun quiz correspondant
Distribution des résultats
% des personnes avec chaque résultat
Percentile par nombre de réponses
Votre historique - résultats
Vous n’avez pas pris ce quiz depuis la dernière actualisation